000 00387nam a2200145Ia 4500
008 231129s1995||||xx |||||||||||||| ||spa||
020 _a958-9129-30-7
040 _bspa
082 _a918.6151 J61ch
100 _aJimeno Myriam
245 0 _aChocó:diversidad cultural y medio ambiente
260 _c1995
264 _aFondo Fen
942 _2ddc
_cBKS
999 _c6918
_d6918